000
00298nam a2200145Ia 4500
100
_a
Kanetkar/Yashavant P
942
_c
BK
366
_f
20
654
_a
c
245
_a
Test your C skills
260
_b
BPB
_a
New Delhi
_c
1997
082
_a
005.133/KAN
_b
KAN
300
_a
255
546
_a
ENGLISH
999
_c
18780
_d
18780